Podział administracyjny Niemiec - Statystyki

Ogólne statystyki
  • Ten quiz został rozwiązany 69 razy
  • Średni wynik to 7 z 16
Statystyki odpowiedzi
Obrazkowy Odpowiedź % Poprawnych
Bawaria
100%
Berlin
90%
Saksonia
67%
Hamburg
62%
Brandenburgia
57%
Brema
48%
Saksonia-Anhalt
38%
Dolna Saksonia
33%
Hesja
33%
Meklemburgia-Pomorze Przednie
33%
Nadrenia Północna-Westfalia
33%
Turyngia
33%
Badenia-Wirtembergia
29%
Szlezwik-Holsztyn
29%
Saara
24%
Nadrenia-Palatynat
19%
Nie znaleziono quizów pasujących do podanych kryteriów
Rozkład punktacji
Procent ludzi z każdym wynikiem
Percentyl według liczby udzielonych odpowiedzi
Twoja historia wyników
Nie rozwiązałeś tego quizu